Návrh sanácie skládky odpadov Holičov vrch : Záverečná práca

Enregistré dans:
Détails bibliographiques
Auteur principal: Bunčiak, Martin (Auteur)
Autres auteurs: Sabo, Milan, 1939- (xxx)
Format: Manuscrit Livre
Langue:slovaque
Publié: Trnava : STU v Bratislave MtF KEBI, 2002
Sujets:
Tags: Ajouter un tag
Pas de tags, Soyez le premier à ajouter un tag!

MARC

LEADER 00000ntm a22000003a 4500
001 stu77421
005 20160719154952.5
008 020930s2002----xo------------------slo-d
040 |a STU  |b slo 
041 0 |a slo 
044 |a xo 
100 1 |a Bunčiak, Martin  |4 aut 
245 1 |a Návrh sanácie skládky odpadov Holičov vrch :  |b Záverečná práca 
260 |a Trnava :  |b STU v Bratislave MtF KEBI,  |c 2002 
300 |a 44 s  |c abstr. + príl. 
650 7 |a skládky odpadov  |2 stusub 
650 7 |a sanácie  |2 stusub 
650 7 |a priemyselná ekológia  |2 stusub 
700 1 |a Sabo, Milan,  |d 1939-  |4 xxx  |u M390  |U MTF Materiálovotechnologická fakulta  |T MTF Katedra environmentálneho a bezpečnostného inžinierstva  |X 203  |U M390  |Y 177  |7 A000000203 
996 |b 284M054631  |c M*BP-31  |l MMSKP  |s P  |a 0  |w stu77421_0001